| 000 | 00879nam a2200265 a 4500 | ||
|---|---|---|---|
| 005 | 20240110063617.0 | ||
| 008 | 070827s2004 es r 000 0 spa d | ||
| 020 | _a847827345X | ||
| 035 | _aUPN01000151497 | ||
| 049 | _aCG | ||
| 050 | 4 |
_aHQ774 _bM3.6 |
|
| 100 | 1 | _aMasera, Giuseppe | |
| 245 | 1 | 0 |
_aQueridos padres-- / _cGiuseppe Masera, Francesco Tonucci ; tr. Chus Fenero. |
| 260 |
_aBarcelona, Esp. : _bGraó, _c2004. |
||
| 300 |
_a67 p. : _bil. |
||
| 440 | 0 |
_aFamilia y educación ; _v1 |
|
| 500 | _aEn la portada: y ahora... cómo le digo a mamá que tengo leucemia | ||
| 534 |
_pTítulo original : _tCari geniton... |
||
| 650 | 4 |
_aNiños _xSalud e higiene _94876 |
|
| 650 | 4 |
_aPsicología infantil _990 |
|
| 650 | 4 |
_aNIÑOS - _xHOSPITALES _96881 |
|
| 650 | 4 |
_aNIÑOS - _xENFERMEDADES _921847 |
|
| 700 | 1 |
_aTonucci, Francesco, _d1941- _ecoaut. _930884 |
|
| 905 | _aLibro | ||
| 999 |
_c123633 _d123633 |
||